01019nas a2200277Ia 4500001001300000003001000013008004100023040002500064041001300089100002400102210001100126222001100137245003800148250001100186260000900197501012300206300001400329362002000343500009400363650002500457700005700482942000700539957000600546999003300552952015600585dg117-53622 IT-MiCISF161014c99999999xx |||||||||||| ||und|| aIT-MiCISFcIT-MiCISF aFRANCESE aFourneraut Sixtine  aLa vie aLa vie 0aOù sont passés les bébés? a1a ed. c2016 bCISF - Centro Internazionale Studi Famiglia - Via Giotto, 36 20145 MILANO (non commercial uses only)cCopyright 2016 app. 16-27 a n. 3674 [2016] aTema: popolazione, denatalità, società, chiesa, politica-familiare, controllo-nascite apopolazionevdossier a Lindell H., Grwybowski L., Chabaud C., Anciberro J. cCR 71 a53622bSig1c220337d220337 0010406DG_1175362271aCISFbCISFd2016-10-14l0odg117-53622 r2016-10-14 00:00:00w2016-10-14yCRzData import 15.10.2016 / by Epidotti, Vaglietti